Príklady rámcových učebných osnov pre potreby ďalšieho vzdelávania absolventov doktorských študijných odborov
Potreby ekonomických vedomostí a podnikateľských zručností absolventov doktorských študijných programov na základe empirického výskumu. Návrh modulov ekonomického vzdelávania absolventov doktorských študijných programov. Modul A - Potreba rozvoja ekonomických vedomostí a podnikateľských zručností v...
Enregistré dans:
| Auteur principal: | |
|---|---|
| Format: | Chapitre de livre |
| Langue: | slovaque |
| Sujets: | |
| Tags: |
Pas de tags, Soyez le premier à ajouter un tag!
|
MARC
| LEADER | 00000naa$a2200000$$$4500 | ||
|---|---|---|---|
| 001 | 0247911 | ||
| 005 | 20240502073951.2 | ||
| 041 | 0 | |a slo | |
| 044 | |a SK | ||
| 245 | 1 | 0 | |a Príklady rámcových učebných osnov pre potreby ďalšieho vzdelávania absolventov doktorských študijných odborov |c Marta Matulčíková |
| 520 | |a Potreby ekonomických vedomostí a podnikateľských zručností absolventov doktorských študijných programov na základe empirického výskumu. Návrh modulov ekonomického vzdelávania absolventov doktorských študijných programov. Modul A - Potreba rozvoja ekonomických vedomostí a podnikateľských zručností v manažérskej kariére lekára. Modul B - Potreba rozvoja ekonomických vedomostí a podnikateľských zručností pri výkone slobodného povolania lekára. | ||
| 610 | 2 | 0 | |a vzdelávanie ďalšie |
| 610 | 2 | 0 | |a vzdelávanie dospelých |
| 610 | 2 | 0 | |a lekári |
| 610 | 2 | 0 | |a manažéri |
| 610 | 2 | 0 | |a manažment |
| 610 | 2 | 0 | |a ekonómia |
| 610 | 2 | 0 | |a zručnosti |
| 610 | 2 | 0 | |a vedomosti |
| 100 | 1 | |a Matulčíková, Marta, 1964- | |